Công nghệ chế biến dầu mỏ

保存先:
書誌詳細
第一著者: Lê Văn Hiếu
フォーマット: 図書
言語:Undetermined
出版事項: Hà Nội KHKT 2000
主題:
タグ: タグ追加
タグなし, このレコードへの初めてのタグを付けませんか!
Thư viện lưu trữ: Trung tâm Học liệu Trường Đại học Cần Thơ
LEADER 00577nam a2200193Ia 4500
001 CTU_39724
008 210402s9999 xx 000 0 und d
020 |b 26.000đ 
082 |a 665.53 
082 |b H309 
100 |a Lê Văn Hiếu 
245 0 |a Công nghệ chế biến dầu mỏ 
245 0 |c Lê Văn Hiếu 
260 |a Hà Nội 
260 |b KHKT 
260 |c 2000 
650 |a petroleum - industry and trade,petroleum - refining,petroleum engineering 
904 |i Minh, 001202 
980 |a Trung tâm Học liệu Trường Đại học Cần Thơ